000 00538 a2200193 4500
005 20240527112824.0
010 _aB-759188
020 _a9789354716522
_c499.00
035 _aB-759188
037 _bGift
082 _aS
245 _aDream work The Epic Of Captain Underpants The Maniacal Mischief Of the Marauding Monsters/
260 _aNew York
_bScholastic Inc.
_c2023
270 _aNew York
_bNew York
300 _a80 p.
_c22 cm(Pb)
700 _966848
942 _adpl
_cCH
_2ddc
_hS
_mDRE
999 _c203260
_d203260